Basic christian ethics
محفوظ في:
| المؤلف الرئيسي: | |
|---|---|
| التنسيق: | كتاب |
| اللغة: | الإنجليزية |
| منشور في: |
Nueva York
Charles Scribner`s Sons
1950
|
| الطبعة: | 1a. ed |
| الموضوعات: | |
| الوسوم: |
إضافة وسم
لا توجد وسوم, كن أول من يضع وسما على هذه التسجيلة!
|
MARC
| LEADER | 00000cam a2200000 a 4500 | ||
|---|---|---|---|
| 001 | UCC6491 | ||
| 003 | CL-VaPUC | ||
| 008 | 181213e19500000us |||||||||||||||||eng|d | ||
| 082 | 0 | 4 | |a 170 |b RAM |2 21 |
| 100 | 0 | |a Ramsey, Paul |e author |9 600957 | |
| 245 | 1 | 0 | |a Basic christian ethics |
| 250 | |a 1a. ed | ||
| 300 | |a 404 p | ||
| 942 | |c BK | ||
| 945 | |d 20181213 14:55:00 |a dcastane | ||
| 260 | |a Nueva York |b Charles Scribner`s Sons |c 1950 | ||
| 650 | 0 | |a Ética |9 255099 | |
| 650 | 0 | |a Valores morales |9 310604 | |
| 583 | |a last modification |c 20181213 14:55:00 |k Rodrigo Vera | ||
| 999 | |c 373432 |d 373430 | ||
| 952 | |0 0 |1 0 |3 erb |4 0 |6 170_000000000000000_RAM_1950 |7 0 |8 A |9 491533 |a BIBTEO |b BIBTEO |e Precht Pizarro, Jorge Enrique |i 552086K |o 170 RAM 1950 |p 552086K |r 2025-01-17 |w 2019-11-24 |y BK |z Catalogado en:20181213 |k ICR | ||